书目信息 |
| 题名: |
河南省建筑工程预算定额(一九九五)建筑安装工程费用定额(试行)综合解释
|
|
| 作者: | 河南省建筑工程标准定额站 编 | |
| 分册: | ||
| 出版信息: | 北京 中国计划出版社 1998.01 |
|
| 页数: | 88页 | |
| 开本: | 32开 | |
| 丛书名: | ||
| 单 册: | ||
| 中图分类: | TU722 | |
| 科图分类: | ||
| 主题词: | 建筑工程--施工组织 , 建筑工程--施工计划 | |
| 电子资源: | ||
| ISBN: | 7-80058-609-X | |
| 000 | 00795nam0 2200193 45 | |
| 001 | 0002291043 | |
| 005 | 20061212154516.43 | |
| 010 | @a7-80058-609-X@d10.00元 | |
| 100 | @a20000229d1998 km y0chiy0120 ea | |
| 101 | @achi | |
| 200 | 1 | @a河南省建筑工程预算定额(一九九五)建筑安装工程费用定额(试行)综合解释@AHe Nan Sheng Jian Zhu Gong Cheng Yu Suan Ding E(Yi Jiu Jiu Wu)Jian Zhu An Zhuang Gong Cheng Fei Yong Ding E(Shi Xing)Zong He Jie Shi@f河南省建筑工程标准定额站编@FHe Nan Sheng Jian Zhu Gong Cheng Biao Zhun Ding E Zhan Bian |
| 210 | @a北京@c中国计划出版社@d1998.01 | |
| 215 | @a88页@d32开 | |
| 606 | 0 | @a建筑工程@x施工组织 |
| 606 | 0 | @a建筑工程@x施工计划 |
| 690 | @aTU722@v3 | |
| 701 | @a河南省建筑工程标准定额站@4编 | |
| 801 | @aCN@bPftUser@c20061212 | |
| 905 | @f1@b49088@dTU722@eH:789 | |
| 河南省建筑工程预算定额(一九九五)建筑安装工程费用定额(试行)综合解释/河南省建筑工程标准定额站编.-北京:中国计划出版社,1998.01 |
| 88页;32开 |
| ISBN 7-80058-609-X:10.00元 |
| ● |
| 相关链接 |
|
|
|
正题名:河南省建筑工程预算定额(一九九五)建筑安装
索取号:TU722/H:789
 
预约/预借
| 序号 | 登录号 | 条形码 | 馆藏地/架位号 | 状态 | 备注 |
| 1 | 444037 | 204440373 | 管理学院资料室/ [索取号:TU722/H:789] | 在馆 | |
| 2 | 49088 | 200490888 | 自科二线404/404自科库 8排6列2层/ [索取号:TU722/H:789] | 在馆 | |
| 3 | 9123 | 20201007 | 建筑库201/ [索取号:TU722/H:789] | 在馆 |